000 00630nam a2200217 i 4500
001 73735
003 ES-MaACL
005 20240409172150.0
007 t|
008 040910s1982 sp ||||1| spa d
100 1 _aGóngora y Argote, Luis de.
_958246
245 1 0 _aRomances /
_cLuis de Góngora ; edición de Antonio Carreño.
260 _aMadrid :
_bCátedra,
_c[1982]
300 _a491 p. ;
_c18 cm.
490 1 _aLetras hispánicas ;
_v160
700 1 _aCarreño, Antonio.
_935613
830 0 0 _aLetras hispánicas ;
_v160
_9235703
852 _aES-MaACL
_jL-3204
_bR.104085
942 _2udc
999 _c73735
_d73735